00400nam a2200157Ia 4500003000400000008004100004040001600045082001300061100001600074245005200090260004800142300001100190650001600201650001300217650001200230GCL140319s9999 xx 000 0 eng d aGCL / cGCL04a512bR C1 aREPKOL, JOE10aCALCULUS WITH ANALYTIC GEOMETRY / cREPKOL, JOE a[S.N] : bWM. C. BROWN PUBLISHERS ، c1994 a1320 P04aMATHEMATICS04aCALCULUS04aALGEBRA